[Event "ECU-ch"]
[Site "Quito"]
[Date "2023.06.22"]
[Round "4"]
[White "Pazos Gambarrotti, Plinio Efrain"]
[Black "Guerrero Cajeca, Matias Israel"]
[Result "1-0"]
[WhiteElo "2024"]
[BlackElo "1705"]
[PlyCount "43"]
[EventDate "2023.06.21"]
[EventType "swiss"]
[EventRounds "9"]
[EventCountry "ECU"]
[SourceTitle "CBM 215 Extra"]
[Source "ChessBase"]
[SourceDate "2023.09.30"]
[SourceVersion "1"]
[SourceVersionDate "2023.09.30"]
[SourceQuality "1"]

1. d4 g6 2. c4 Nf6 3. Nc3 Bg7 4. e4 d6 5. Nge2 Nc6 6. d5 Nb8 7. Ng3 e5 8. Be2 Nbd7 9. h4 h5 10. Bg5 Nf8 11. Qd2 N8h7 12. Bh6 Bxh6 13. Qxh6 Ng4 14. Bxg4 Bxg4 15. f3 Bd7 16. 0-0-0 Qe7 17. Qe3 b6 18. f4 0-0 19. f5 gxf5 20. exf5 Nf6 21. Rdf1 Rab8 22. Nce4 1-0

[Event "South America-ch U12 17th"]
[Site "Guayaquil"]
[Date "2022.01.27"]
[Round "4"]
[White "Ubilluz Pena, Jaiden Andres"]
[Black "Guerrero Cajeca, Matias Israel"]
[Result "0-1"]
[WhiteElo "1498"]
[BlackElo "1370"]
[PlyCount "72"]
[EventDate "2022.01.25"]
[EventType "swiss"]
[EventRounds "9"]
[EventCountry "ECU"]
[SourceTitle "CBM 206 Extra"]
[Source "ChessBase"]
[SourceDate "2022.03.31"]
[SourceVersion "1"]
[SourceVersionDate "2022.03.31"]
[SourceQuality "1"]

1. b4 e5 2. Bb2 d6 3. g3 g6 4. Bg2 Bg7 5. d3 Ne7 6. e3 c6 7. Nd2 a5 8. a3 Na6 9. c3 0-0 10. Ne2 Be6 11. 0-0 Qd7 12. Qc2 d5 13. e4 f5 14. f4 fxe4 15. dxe4 axb4 16. fxe5 bxa3 17. Bxa3 Bxe5 18. exd5 Bxd5 19. Bxd5+ cxd5 20. Nd4 Bd6 21. Bb2 Rxf1+ 22. Rxf1 Rf8 23. c4 Rxf1+ 24. Nxf1 Bc5 25. Ne3 b6 26. Qc3 Qa4 27. cxd5 Nb4 28. d6 Nbd5 29. Qd3 Nxe3 30. dxe7 Nf5 31. Qe4 Kf7 32. Kg2 Bxd4 33. Bxd4 Nxd4 34. e8Q+ Qxe8 35. Qxd4 Qc6+ 36. Kh3 Qf6 0-1

[Event "South America-ch U12 17th"]
[Site "Guayaquil"]
[Date "2022.01.26"]
[Round "2"]
[White "Ulloa Centeno, Luis Manuel"]
[Black "Guerrero Cajeca, Matias Israel"]
[Result "0-1"]
[WhiteElo "1301"]
[BlackElo "1370"]
[PlyCount "60"]
[EventDate "2022.01.25"]
[EventType "swiss"]
[EventRounds "9"]
[EventCountry "ECU"]
[SourceTitle "CBM 206 Extra"]
[Source "ChessBase"]
[SourceDate "2022.03.31"]
[SourceVersion "1"]
[SourceVersionDate "2022.03.31"]
[SourceQuality "1"]

1. d4 Nf6 2. Nf3 g6 3. Bf4 Bg7 4. e3 d6 5. h3 0-0 6. c3 Nc6 7. Bc4 Bf5 8. Nbd2 Rb8 9. a4 Re8 10. Ng5 d5 11. Bb5 a6 12. Bxc6 bxc6 13. b4 a5 14. bxa5 Bd3 15. Nb3 Bc4 16. Nd2 Ba6 17. Qc2 Nh5 18. Bh2 e5 19. Ndf3 e4 20. Ne5 Bxe5 21. Bxe5 Bd3 22. Qd1 Rb2 23. Qc1 Rc2 24. Qa3 Qxg5 25. g4 Nf6 26. Bf4 Qh4 27. Bg3 Qh6 28. Bf4 g5 29. Bh2 Qxh3 30. Rf1 Qxh2 0-1

[Event "South America-ch U12 17th"]
[Site "Guayaquil"]
[Date "2022.01.25"]
[Round "1"]
[White "Guerrero Cajeca, Matias Israel"]
[Black "Mendoza Rivas, Edgar Javier"]
[Result "1-0"]
[WhiteElo "1370"]
[BlackElo "1107"]
[PlyCount "52"]
[EventDate "2022.01.25"]
[EventType "swiss"]
[EventRounds "9"]
[EventCountry "ECU"]
[SourceTitle "CBM 206 Extra"]
[Source "ChessBase"]
[SourceDate "2022.03.31"]
[SourceVersion "1"]
[SourceVersionDate "2022.03.31"]
[SourceQuality "1"]

1. e4 e6 2. d3 d5 3. Nd2 Nf6 4. Ngf3 dxe4 5. dxe4 Nc6 6. Bc4 Bc5 7. 0-0 0-0 8. c3 Qe7 9. b4 Bb6 10. a4 a6 11. Ba3 Nb8 12. Qc2 c5 13. e5 Nfd7 14. Rfe1 Rd8 15. Ne4 cxb4 16. cxb4 Nxe5 17. Nxe5 Bd4 18. Bb2 Bxb2 19. Qxb2 Qc7 20. Rac1 Qe7 21. h3 Bd7 22. Rcd1 Bxa4 23. Rxd8+ Qxd8 24. Nc5 Bc6 25. Nxf7 Kxf7 26. Nxe6 Bd5 1-0

[Event "ECU Clasif1 U13"]
[Site "Chess.com INT"]
[Date "2020.12.17"]
[Round "3"]
[White "Cajamarca Gordillo, Sebastian Alejandro"]
[Black "Guerrero Cajeca, Matias Israel"]
[Result "0-1"]
[WhiteElo "1224"]
[BlackElo "1294"]
[PlyCount "87"]
[EventDate "2020.12.17"]
[EventType "swiss"]
[EventRounds "9"]
[EventCountry "ECU"]
[SourceTitle "EXT 2022"]
[Source "ChessBase"]
[SourceDate "2021.10.06"]
[SourceVersion "1"]
[SourceVersionDate "2021.10.06"]
[SourceQuality "1"]

1. d4 Nf6 2. c4 c5 3. d5 b5 4. cxb5 a6 5. b6 d6 6. Nc3 g6 7. e4 Bg7 8. Nf3 Nbd7 9. Be2 Nxb6 10. 0-0 0-0 11. Nd2 a5 12. a4 Ba6 13. Nb5 Bxb5 14. Bxb5 Qc7 15. Qe2 Rfb8 16. Nc4 Nxc4 17. Qxc4 Nd7 18. Rb1 Nb6 19. Qc2 Rc8 20. Bd2 c4 21. Bc3 Bh6 22. Bd2 Bg7 23. Bc3 Bf8 24. Rbc1 e6 25. Rfd1 exd5 26. exd5 Qe7 27. Qd2 Qa7 28. Re1 Rc5 29. Bd4 Rxd5 30. Qc3 Rc8 31. Bxb6 Qxb6 32. Qf3 Rf5 33. Qe2 d5 34. Red1 Bc5 35. Rf1 Rd8 36. Rcd1 Rd6 37. Qd2 Rdf6 38. Qe2 Rxf2 39. Rxf2 Rxf2 40. Qe8+ Kg7 41. Qe5+ f6 42. Qe8 Re2+ 43. Kh1 Rxe8 44. h3 0-1

[Event "ECU Clasif1 U13"]
[Site "Chess.com INT"]
[Date "2020.12.17"]
[Round "7"]
[White "Guzman, Diego"]
[Black "Guerrero Cajeca, Matias Israel"]
[Result "0-1"]
[WhiteElo "1774"]
[BlackElo "1294"]
[PlyCount "62"]
[EventDate "2020.12.17"]
[EventType "swiss"]
[EventRounds "9"]
[EventCountry "ECU"]
[SourceTitle "EXT 2022"]
[Source "ChessBase"]
[SourceDate "2021.10.06"]
[SourceVersion "1"]
[SourceVersionDate "2021.10.06"]
[SourceQuality "1"]

1. d4 Nf6 2. c4 c5 3. d5 b5 4. cxb5 a6 5. b6 d6 6. Nc3 Nbd7 7. e4 g6 8. Nf3 Bg7 9. Nd2 0-0 10. a4 a5 11. Bb5 Nxb6 12. Bc6 Rb8 13. Nb5 Bd7 14. Bxd7 Qxd7 15. Qc2 Rfc8 16. Nc4 Nxc4 17. Qxc4 Ng4 18. 0-0 Ne5 19. Qc2 c4 20. Bd2 Nd3 21. Bc3 Bf8 22. Rfd1 h5 23. Bxa5 h4 24. Bc3 h3 25. f3 hxg2 26. Qxg2 Bh6 27. Nd4 Be3+ 28. Kh1 Nf2+ 29. Kg1 Nxd1+ 30. Kh1 Nf2+ 31. Kg1 Nxe4+ 0-1

[Event "ECU-ch Schools U13 Clas1"]
[Site "Chess.com INT"]
[Date "2020.11.18"]
[Round "8"]
[White "Guerrero Cajeca, Matias Israel"]
[Black "Ubilluz Pena, Jaiden Andres"]
[Result "0-1"]
[WhiteElo "1294"]
[BlackElo "1324"]
[PlyCount "68"]
[EventDate "2020.11.18"]
[EventType "swiss"]
[EventRounds "9"]
[EventCountry "ECU"]
[SourceTitle "CBM 199 Extra"]
[Source "ChessBase"]
[SourceDate "2021.01.31"]
[SourceVersion "1"]
[SourceVersionDate "2021.01.31"]
[SourceQuality "1"]

1. g3 g6 2. Bg2 Bg7 3. c4 c5 4. Nc3 Nc6 5. d3 e6 6. e4 Nge7 7. Nge2 0-0 8. 0-0 f5 9. f4 d6 10. Be3 Nd4 11. Kh1 a6 12. Rb1 Bd7 13. a3 b5 14. b4 Nxe2 15. Nxe2 Qc7 16. cxb5 axb5 17. e5 Bc6 18. exd6 Bxg2+ 19. Kxg2 Qxd6 20. bxc5 Qd5+ 21. Kg1 Qc6 22. d4 Nd5 23. Bf2 Rxa3 24. Rb3 Rfa8 25. Nc1 Nc3 26. Qc2 Ne4 27. Be3 R3a4 28. Rd1 h5 29. Qe2 Ra1 30. Qb2 R8a2 31. Nxa2 Rxd1+ 32. Kg2 Ng5+ 33. d5 Qxd5+ 34. Kf2 Qf3# 0-1

[Event "ECU-ch Schools U15 Clas2"]
[Site "Chess.com INT"]
[Date "2020.11.07"]
[Round "2"]
[White "Ortiz Pilco, Carlos Alberto"]
[Black "Guerrero Cajeca, Matias Israel"]
[Result "0-1"]
[WhiteElo "1295"]
[BlackElo "1294"]
[PlyCount "64"]
[EventDate "2020.11.07"]
[EventType "swiss"]
[EventRounds "9"]
[EventCountry "ECU"]
[SourceTitle "EXT 2022"]
[Source "ChessBase"]
[SourceDate "2021.10.06"]
[SourceVersion "1"]
[SourceVersionDate "2021.10.06"]
[SourceQuality "1"]

1. d4 g6 2. Nf3 Bg7 3. c4 c5 4. Nc3 Nc6 5. d5 Nd4 6. e4 e5 7. Be3 d6 8. Be2 Ne7 9. 0-0 0-0 10. b4 b6 11. bxc5 dxc5 12. Nb5 a6 13. Nbxd4 cxd4 14. Bg5 h6 15. Bxe7 Qxe7 16. Bd3 f5 17. Qc2 fxe4 18. Bxe4 Bf5 19. Rab1 Rab8 20. Nd2 Bxe4 21. Nxe4 Rf4 22. Ng3 h5 23. Qxg6 Rg4 24. Qxh5 Rg5 25. Qe2 Qc5 26. Ne4 Qe7 27. Nxg5 Qxg5 28. Rfd1 Qf6 29. c5 b5 30. d6 Rc8 31. Rbc1 Qe6 32. Qc4 bxc4 0-1

[Event "ECU-ch Schools U15 Clas1"]
[Site "Chess.com INT"]
[Date "2020.11.05"]
[Round "1"]
[White "Castano Vargas, Gabriel Joshua"]
[Black "Guerrero Cajeca, Matias Israel"]
[Result "0-1"]
[WhiteElo "186"]
[BlackElo "1294"]
[PlyCount "50"]
[EventDate "2020.11.05"]
[EventType "swiss"]
[EventRounds "9"]
[EventCountry "ECU"]
[SourceTitle "EXT 2022"]
[Source "ChessBase"]
[SourceDate "2021.10.06"]
[SourceVersion "1"]
[SourceVersionDate "2021.10.06"]
[SourceQuality "1"]

1. e4 g6 2. Bc4 Bg7 3. Nf3 e6 4. d3 Ke7 5. Bd2 d5 6. exd5 exd5 7. Bb3 Bxb2 8. c3 Bxa1 9. d4 Qd7 10. c4 dxc4 11. Bxc4 Nc6 12. 0-0 Kf8 13. Na3 Bb2 14. Nb5 a6 15. Nxc7 Qxc7 16. Qe2 Bg4 17. g3 Re8 18. Be3 Nxd4 19. Qxb2 Nxf3+ 20. Kg2 Qxc4 21. Qxh8 Qe4 22. Bc5+ Re7 23. Bxe7+ Kxe7 24. Qxg8 Nh4+ 25. Kg1 Qg2# 0-1

[Event "ECU-ch Schools U15 Clas1"]
[Site "Chess.com INT"]
[Date "2020.11.05"]
[Round "9"]
[White "Guerrero Cajeca, Matias Israel"]
[Black "Loja Zambrano, Diego Sebastian"]
[Result "1-0"]
[WhiteElo "1294"]
[BlackElo "1596"]
[PlyCount "67"]
[EventDate "2020.11.05"]
[EventType "swiss"]
[EventRounds "9"]
[EventCountry "ECU"]
[SourceTitle "EXT 2022"]
[Source "ChessBase"]
[SourceDate "2021.10.06"]
[SourceVersion "1"]
[SourceVersionDate "2021.10.06"]
[SourceQuality "1"]

1. g3 Nf6 2. Bg2 g6 3. c4 Bg7 4. Nc3 0-0 5. d3 d6 6. e4 Nc6 7. Nge2 e5 8. 0-0 Bd7 9. f4 Qc8 10. b4 Nxb4 11. Ba3 Nc6 12. Rb1 Re8 13. Nd5 Nxd5 14. cxd5 Nd4 15. Nxd4 exd4 16. Rc1 a6 17. Bxd6 c6 18. e5 a5 19. Qa4 Ra6 20. Qxd4 Qa8 21. Kh1 cxd5 22. Bxd5 Rxd6 23. Bxf7+ Kxf7 24. Qxd6 Bc6+ 25. Kg1 Bf8 26. Qf6+ Kg8 27. d4 Qa6 28. f5 Qe2 29. Rxc6 Qe3+ 30. Rf2 bxc6 31. fxg6 Bg7 32. Qf7+ Kh8 33. Qxe8+ Bf8 34. Qxf8# 1-0